Физика ХХ века: Рекомендательный библиографический указатель для молодежи

Библиографические подробности
Автор-организация: Государственная библиотека СССР им. В.И. Ленина
Другие авторы: Джинова З. П. (редактор), Успенская Г. В. (составитель)
Язык:русский
Опубликовано: Москва, Изд-во ГБЛ, 1983
Предметы:
Формат: Книга
Запись в KOHA:https://koha.lib.tpu.ru/cgi-bin/koha/opac-detail.pl?biblionumber=292845

MARC

LEADER 00000nam0a2200000 4500
001 292845
005 20231102000534.0
035 |a (RuTPU)RU\TPU\book\317497 
090 |a 292845 
100 |a 20150427d1983 km y0rusy50 ca 
101 0 |a rus 
102 |a RU 
105 |a y a 001zy 
200 1 |a Физика ХХ века  |e Рекомендательный библиографический указатель для молодежи  |f Государственная библиотека СССР им. В.И. Ленина ; под ред. З. П. Джиновой ; сост. Г. В. Успенская 
210 |a Москва  |c Изд-во ГБЛ  |d 1983 
215 |a 120 с. 
320 |a Алфавитный указатель авторов: с. 114-117 
606 1 |a Библиографические пособия  |x По физике  |2 stltpush  |3 (RuTPU)RU\TPU\subj\28555  |9 52073 
606 1 |a Физика  |2 stltpush  |3 (RuTPU)RU\TPU\subj\63709  |9 80688 
610 1 |a библиографические указатели 
610 1 |a рекомендательная библиография 
610 1 |a физические науки 
610 1 |a научно-популярная литература 
675 |a 53(01)  |v 4 
686 |a Я19:53  |v LBC/SL-A  |2 rubbk 
702 1 |a Джинова  |b З. П.  |4 340 
702 1 |a Успенская  |b Г. В.  |4 220 
712 0 2 |a Государственная библиотека СССР им. В.И. Ленина  |2 stltpush  |3 (RuTPU)RU\TPU\col\6015  |9 24199 
801 1 |a RU  |b 63413507  |c 20150427 
801 2 |a RU  |b 63413507  |c 20190125  |g RCR 
942 |c BK